| 000 | 01829nam a22001817a 4500 | ||
|---|---|---|---|
| 003 | OSt | ||
| 005 | 20220107122809.0 | ||
| 008 | 160315b xxu||||| |||| 00| 0 eng d | ||
| 040 | _c | ||
| 100 |
_aLibeesh Lukose (92313011) _98505 |
||
| 245 | _aImpact of 3-D topography on downwelling surface radiation flux using MODIS products and SRTM digital elevation model | ||
| 502 |
_bMaster of Science in Geoinformatics _c2013-2015 _dEXT _eRadhakrishnan T _fDibyendu Dutta (Scientist) _g"RRSC (East)/NRSC, ISRO" |
||
| 520 | _aThe aim of this study is to estimate the incoming shortwave radiation fluxes over different physiographic set-up of Indian sub-continent using Aqua MODIS product, digital terrain model and parameterization schemes. The study also assesses the spatial and temporal variability of the radiation fluxes on different physiographic divisions, aspect angles, slopes and altitudes including Himalayan ranges. The method not only eliminates the need for ancillary ground data but also explicitly recognizes the need for spatially varied input parameters. Zillman (1972) parameterization scheme, as reported in Niemela, Raisanen, and Savijarvi (2001) and Bisht et al. (2005), has been used to estimate incoming shortwave radiation flux considering the surface is horizontal with respect to incident radiation. However, in case of mountainous topography, to include the effect of slope and aspect, solar zenith angle was replaced with angle of incidence which is the angle between the incident sun rays and normal to the surface as was given by Gates 1980. The modeled shortwave flux was validated using limited sets of radiometric data collected from India Meteorological Department website. | ||
| 650 |
_aREMOTE SENSING _98506 |
||
| 650 |
_aTOPOGRAPHY _98507 |
||
| 650 |
_aDIGITAL ELEVATION MODEL _98508 |
||
| 942 |
_2ddc _cPR |
||
| 999 |
_c4989 _d4989 |
||